000 00342nam a2200121Ia 4500
008 240731s9999 xx 000 0 und d
022 _a1464-5343
245 0 _aVenture Capital : An International Journal of Entrepreneurial Finance
260 _bRoutledge
856 _uhttps://www.tandfonline.com/loi/tvec20
942 _2ddc
942 _cTFEJ
999 _c80240
_d80240
945 _a1
_bMadushi Gamage
_c1
_dMadushi Gamage